000
00284nam a22001217a 4500
008
260421b ||||| |||| 00| 0 eng d
041
_a
Shqip
080
_a
0.1
100
_a
40
101
_a
Gjuhe dhe leteresi
245
_a
Shkulësit e Përjetshëm
_c
Arif Demolli
942
_2
udc
_c
BK
999
_c
60986
_d
60986